000 01158nam a2200265Ia 4500
003 OSt
005 20220918110733.0
006 a|||||r|||| 00| 0
007 ta
008 220915b |||||||| |||| 00| 0 san d
020 _c1200
024 _a15,907
037 _b708/1, 18/03/2014, Vidyanidhi Prakashan
_cReference Collections
040 _aARTS
_cARTS
_bsan
041 _2san
_asan
082 _aP15,Cx1,1,6, 152Q0.1-.2(RR)
100 _aदीक्षित, भट्टो
_99300
245 0 _aवैयाकरण - सिद्धान्तकौमुदी
246 _aVaiyākaraṇ - siddhāntakaumudī
260 _aदिल्ली
_bचौखम्बा संस्कृत प्रतिष्ठान भारत
_c2010
490 _vभाग 1
_aव्रजजीवन प्राच्यभारती ग्रन्थमाला; 146
650 _aसंस्कृत साहित्य
_99301
942 _hP15,Cx1,1,6, 152Q0.1-.2(RR)
_cREF
999 _c114385
_d114385